000 01645nam a2200337 a 4500
001 86191
003 BD-RjUL
005 20260222114458.0
008 260222s2024 enk o 001 0 eng
020 _z9781009308076
_q(hardback)
020 _a9781009308083
_q(epub)
035 _a(BD-RjUL)86191
040 _aDLC
_beng
_cDLC
_erda
_dBD-RjUL
041 _aeng
082 0 0 _223
_a530.12
_bLEA 2024
100 1 _aLevi, A. F. J.
_q(Anthony Frederic John),
_d1959-
_eauthor.
_917761
245 1 0 _aApplied quantum mechanics /
_cA.F.J. Levi.
250 _aThird edition.
264 1 _aCambridge ;
_aNew York :
_bCambridge University Press,
_c2024.
300 _axix,602 p. :
_bill.;
_c25 cm.
336 _atext
_btxt
_2rdacontent
337 _acomputer
_bc
_2rdamedia
338 _aonline resource
_bcr
_2rdacarrier
500 _aIncludes index.
520 _a"With new coverage of quantum engineering and quantum information processing, the 3rd edition of this bestseller provides a uniquely practical introduction to quantum mechanics. Updated throughout, and supported by MATLAB code and instructor solutions, it is ideal for senior undergraduate and graduate students in engineering and materials science"--
588 _aDescription based on print version record and CIP data provided by publisher; resource not viewed.
650 0 _aQuantum theory.
650 0 _aQuantum theory
_xIndustrial applications.
_917762
776 0 8 _iPrint version:
_aLevi, A. F. J. 1959-
_tApplied quantum mechanics
_bThird edition.
_dCambridge ; New York : Cambridge University Press, 2022
_z9781009308076
_w(DLC) 2023008118
942 _2ddc
_cBK
999 _c86191
_d86191